000 00332 a2200145 4500
001 151257
040 _cEscola São Tomás de Aquino
100 _aCASASANTA, Therezinha
240 1 0 _aTrês numa árvore
_lpor
245 1 0 _aTrês numa árvore
300 _a24
440 1 _aBakana
697 _a*LITERATURA INFANTO
942 _cBK
999 _c151257
_d151257